[Event "Niedersachsen-chT U12"]
[Site "Lingen"]
[Date "2005.05.07"]
[Round "5.1"]
[White "Duessler, Stefanie"]
[Black "Shein, Mikhail"]
[Result "0-1"]
[WhiteElo "1094"]
[BlackElo "1096"]
[PlyCount "82"]
[EventDate "2005.05.05"]
[EventType "team"]
[EventRounds "5"]
[EventCountry "GER"]
[SourceTitle "EXT 2007"]
[Source "ChessBase"]
[SourceDate "2006.11.23"]
[SourceVersion "1"]
[SourceVersionDate "2006.11.23"]
[SourceQuality "1"]

1. e4 Nc6 2. Nf3 e5 3. Bc4 h6 4. Nc3 Nf6 5. d3 Bc5 6. 0-0 d6 7. Qe2 Bg4 8. Be3 Nd4 9. Bxd4 Bxd4 10. h3 Bh5 11. Nd1 0-0 12. c3 Bb6 13. Ne3 Qd7 14. Nc2 d5 15. Bb3 c6 16. Na3 Rad8 17. Bd1 dxe4 18. dxe4 Bxf3 19. Qxf3 Qd2 20. Qe2 Qxe2 21. Bxe2 Nxe4 22. Bf3 Nd2 23. Rfe1 Nxf3+ 24. gxf3 f6 25. Re2 Rd7 26. Nc4 Bc7 27. Ne3 Rfd8 28. a4 Rd2 29. Rxd2 Rxd2 30. b4 b6 31. c4 g6 32. b5 c5 33. Nd5 Bd8 34. Kg2 Kf7 35. Re1 Ra2 36. Nc3 Rc2 37. Re3 Ke6 38. Kg3 f5 39. f4 Bc7 40. fxe5 Bxe5+ 41. f4 Rxc3 0-1